000 00680nam a2200193Ii 4500
003 JO-AjNU
008 230605s9999||||xx |||||||||||||| ||und||
040 _aJO-AjNU
_bara
_erda
_cJO-AjNU
041 _aara
050 1 4 _aPJ7543.J2 1986
100 3 _aالجبوري،يحيى,
_eauthor
_926326
245 0 0 _aالشعر الجاهلي خصائصة وفنونه
264 3 1 _aبيروت: مؤسسة الرسالة، 1986
300 _a510ص
336 _atext
_btxt
_2rdacontent
337 _aunmediated
_bn
_2rdamedia
338 _avolume
_bnc
_2rdacarrier
650 4 _aالشعر الجاهلي-تاريخ-نقد-شعر-الشعر الجاهلي خصائصة وفنونه
_926327
999 _aA9961
_c13529
_d13529